| 000 | 02026nam a22002297a 4500 | ||
|---|---|---|---|
| 001 | 6634 | ||
| 003 | FISKH | ||
| 005 | 20250519101201.0 | ||
| 008 | 250516b cb ||||| |||| 00| 0 eng d | ||
| 040 |
_aFISKH _bkhr _cFISKH _dFISKH |
||
| 082 | _a297.382325 | ||
| 100 | _aGnok, Them | ||
| 245 |
_aសង្ខេប មហាវេស្សន្តរជាតក ( ពីកណ្ឌទសពរ ដល់ នគរកណ្ឌ ) / _cនិពន្ធដោយ លោក ញ៉ុក ថែម |
||
| 260 | _aភ្នំពេញ : | ||
| 300 |
_a37 pages : _billustrations ; _c21 cm . |
||
| 520 | _aមហាវេស្សន្តរជាតក គឺជាជាតកទី ១០ ដែលជាជាតកចុងក្រោយក្នុងចំណោម ១០ ជាតកដ៏សំខាន់ (ទសបារមីជាតក) ដែលព្រះពុទ្ធបានប្រាប់អំពីជីវិតចុងក្រោយរបស់ព្រះអង្គនៅពេលដែលជាជនរួមសាសន៍មួយឈ្មោះព្រះវេស្សន្តរ។ ជាតកនេះបង្ហាញពីការបំផុសគុណធម៌ ទានបារមី (ការផ្តល់ជូនជាប្រចាំ) ដ៏អស្ចារ្យរបស់ព្រះអង្គ។ | ||
| 520 | _aThe Mahāvesantara Jātaka is the 10th and final Jātaka in the collection of the Ten Great Jātakas (Dasabodhisattuppatti Jātaka), which recount the past lives of the Buddha. It tells the story of the Buddha's final existence as a Bodhisattva before attaining enlightenment, in the form of a prince named Vessantara. This Jātaka illustrates the perfection of Dāna Pāramī—the virtue of generosity—demonstrated in its most extraordinary and selfless form by Prince Vessantara. | ||
| 650 | _aមហាវេស្សន្តរជាតក | ||
| 650 | _aMoha ve sorn de chea dork | ||
| 942 |
_2ddc _cKHB _n0 |
||
| 999 |
_c6634 _d6634 |
||